000 00717nam a2200265Ia 4500
003 OSt
005 20221007075710.0
006 a|||||r|||| 00| 0
007 ta
008 221006b |||||||| |||| 00| 0 eng d
020 _a9788187197927
024 _a42,917
037 _cTextual
040 _aFLL
_cFLL
_beng
041 _2eng
_aeng
082 _aD65,8(B):Z2, Q8
100 _aKATARIA R.P.
_9683077
245 0 _aCyber crimes
250 _a2nd
260 _aNew Delhi
_bOrient Publishing Company India
_c2018
300 _axxxii,1288p.
_ccm.
700 _a SRINIWAS S.K.P.
_9694145
942 _hD65,8(B):Z2, Q8
_cTEXL
_2CC
999 _c1157053
_d1157053